Stratégie investovania suverénnych fondov

Pojem suverénne investičné fondy. Investičná stratégia suverénnych investičných fondov. Štruktúra aktív suverénnych investičných fondov s rôznymi investičnými stratégiami.

Gespeichert in:
Bibliographische Detailangaben
1. Verfasser: Bačišin, Vladimír
Format: Buchkapitel
Sprache:Slowakisch
Schlagworte:
Tags: Tag hinzufügen
Keine Tags, Fügen Sie das erste Tag hinzu!

MARC

LEADER 00000naa a2200000 4500
001 0146713
005 20231019092633.3
041 0 |a slo 
044 |a SK 
245 1 0 |a Stratégie investovania suverénnych fondov  |c Vladimír Bačišin 
520 |a Pojem suverénne investičné fondy. Investičná stratégia suverénnych investičných fondov. Štruktúra aktív suverénnych investičných fondov s rôznymi investičnými stratégiami. 
610 2 0 |a stratégia investičná 
610 2 0 |a investori 
610 2 0 |a investovanie 
610 2 0 |a aktíva 
610 2 0 |a portfólio 
610 2 0 |a fondy investičné 
100 1 |a Bačišin, Vladimír